书目信息 |
| 题名: |
芭蕾舞剧与人才培养
|
|
| 作者: | 陈娜 著 | |
| 分册: | ||
| 出版信息: | 长春 吉林美术出版社 2018 |
|
| 页数: | 239页 | |
| 开本: | 24cm | |
| 丛书名: | ||
| 单 册: | ||
| 中图分类: | J723.4 | |
| 科图分类: | ||
| 主题词: | 芭蕾舞剧--ba lei wu ju--人才培养--研究--中国 | |
| 电子资源: | ||
| ISBN: | 978-7-5575-3126-3 | |
| 000 | 00907cam0 2200253 450 | |
| 001 | 012001008066 | |
| 005 | 20131022094754.0 | |
| 010 | @a978-7-5575-3126-3@dCNY58.00 | |
| 099 | @aCAL 012018185672 | |
| 100 | @a20181106d2018 em y0chiy50 ea | |
| 101 | 0 | @achi |
| 102 | @aCN@b220000 | |
| 105 | @aag a 000yy | |
| 106 | @ar | |
| 200 | 1 | @a芭蕾舞剧与人才培养@Aba lei wu ju yu ren cai pei yang@f陈娜著 |
| 210 | @a长春@c吉林美术出版社@d2018 | |
| 215 | @a239页@c图, 乐谱@d24cm | |
| 320 | @a有书目 (第238-239页) | |
| 330 | @a本书通过分析中国原创芭蕾舞剧的创作实践和发展现状, 提出了我国培养芭蕾舞演员的模式和方法, 并从学生的主观能动性和心理教学以及课程体系三大块对此进行论述, 对中国芭蕾舞剧的发展和教育总结了经验。 | |
| 606 | 0 | @a芭蕾舞剧@Aba lei wu ju@x人才培养@x研究@y中国 |
| 690 | @aJ723.4@v5 | |
| 701 | 0 | @a陈娜@Achen na@4著 |
| 801 | 0 | @aCN@b上海新华@c20191020 |
| 905 | @b1177851-4@dJ723.4@e235@f4 | |
| 芭蕾舞剧与人才培养/陈娜著.-长春:吉林美术出版社,2018 |
| 239页:图, 乐谱;24cm |
| ISBN 978-7-5575-3126-3:CNY58.00 |
| 本书通过分析中国原创芭蕾舞剧的创作实践和发展现状, 提出了我国培养芭蕾舞演员的模式和方法, 并从学生的主观能动性和心理教学以及课程体系三大块对此进行论述, 对中国芭蕾舞剧的发展和教育总结了经验。 |
| ● |
| 相关链接 |
|
|
|
|
正题名:芭蕾舞剧与人才培养
索取号:J723.4/235
 
预约/预借
| 序号 | 登录号 | 条形码 | 馆藏地/架位号 | 状态 | 备注 |
| 1 | 1177851 | 211778511 | 第一样本阅览室/ [索取号:J723.4/235] | 在馆 | |
| 2 | 1177852 | 211778520 | 第一借阅区/ [索取号:J723.4/235] | 在馆 | |
| 3 | 1177853 | 211778539 | 第一借阅区/ [索取号:J723.4/235] | 在馆 | |
| 4 | 1177854 | 211778548 | 第一借阅区/ [索取号:J723.4/235] | 在馆 |